| 000 | 00827nam a2200229 i 4500 | ||
|---|---|---|---|
| 001 | 15908 | ||
| 003 | ES-MaACL | ||
| 005 | 20250213170507.0 | ||
| 007 | t| | ||
| 008 | 000519s1999 sp ||||1| spa d | ||
| 020 | _a84-95078-94-5 | ||
| 080 | _a821.134.2 Prados, Emilio 1.06 | ||
| 080 | _a929 Prados, Emilio | ||
| 245 | 0 | 0 |
_aEmilio Prados, 1899-1962 _b: Palacio Episcopal, Málaga, septiembre-noviembre 1999; Residencia de Estudiantes, Madrid, noviembre 1999-enero 2000. |
| 260 |
_aMadrid : _bPublicaciones de la Residencia de Estudiantes, _c[1999] |
||
| 300 |
_a357 p. : _bil. ; _c24 cm. |
||
| 600 | 1 | 4 |
_aPrados, Emilio, _d1899-1962 _993630 |
| 710 | 2 |
_aResidencia de Estudiantes (Madrid) _96437 |
|
| 852 |
_aES-MaACL _jL-22852 _bR.128009 |
||
| 852 |
_aES-MaACL _jL-28246 _bR.134175 |
||
| 999 |
_c15908 _d15908 |
||